British Birds by Picture - Shrikes - Statistics

General Stats
  • This quiz has been taken 6 times
  • The average score is 6 of 9
Answer Stats
Picture Hint Answer % Correct
Lanius cristatus Brown Shrike
80%
Lanius excubitor Great Grey Shrike
80%
Lanius isabellinus Isabelline Shrike
80%
Lanius nubicus Masked Shrike
80%
Lanius collurio Red-Backed Shrike
80%
Lanius phoenicuroides Red-Tailed Shrike
80%
Lanius minor Lesser Grey Shrike
60%
Lanius schach Long-Tailed Shrike
40%
Lanius senator Woodchat Shrike
40%
No matching quizzes found
Score Distribution
Percent of People with Each Score
Percentile by Number Answered
Your Score History
You have not taken this quiz